| 000 | 00981nam a2200301 a 4500 | ||
|---|---|---|---|
| 005 | 20200104041521.0 | ||
| 008 | 140228b1999 ck ||||| |||| 00| 0 spa d | ||
| 040 |
_aCO-BoIAVH _cCO-BoIAVH |
||
| 041 | _aspa | ||
| 044 | _ack | ||
| 090 |
_aLB _b01499 |
||
| 100 | 1 | _aAvellaneda Cusaría, Mario | |
| 245 | 1 | 0 |
_aMetodologías de identificación y caracterización de la flora y fauna silvestre del área de jurisdicción de la CDMB. Fase páramos _binforme final |
| 260 |
_aBucaramanga: _bCDMB, _c1999? |
||
| 300 | _a200 páginas | ||
| 650 | 1 | _aFlora silvestre | |
| 650 | 1 | _aVegetación | |
| 650 | 1 | _aFauna silvestre | |
| 650 | 1 | _aPáramo | |
| 650 | 1 | _aInforme de investigación | |
| 662 |
_aColombia _bSantander |
||
| 700 | 1 | _aRestrepo, Jorge | |
| 700 | 1 | _aCaceres, María Ximena | |
| 700 | 1 | _aCampos C., Eduardo | |
| 700 | 1 | _aRojas, Alicia | |
| 700 | 1 | _aStella, Felipe | |
| 942 |
_cINFORME _2z |
||
| 999 |
_c1507 _d1507 |
||